Siirry sisältöön

Сварка полиэтиленовых труб фитингами с закладными электронагревателями учебное пособие

Содержит новейшие сведения об альтернативном технологическом процессе, реализуемом при сооружении полимерных трубопроводов, – сварке закладными нагревателями. Обобщены результаты российских и зарубежных исследований и разработок, а также технологических экспериментов в области сварки закладными нагр...

Täydet tiedot

Tallennettuna:
Bibliografiset tiedot
Päätekijä: Кимельблат В. И.
Muut tekijät: Зиганшина А. С.
Aineistotyyppi: Книга
Kieli:Russian
Julkaistu: Казань КНИТУ 2021
Linkit:https://e.lanbook.com/book/330833
https://e.lanbook.com/img/cover/book/330833.jpg
Tagit: Lisää tagi
Ei tageja, Lisää ensimmäinen tagi!
LEADER 01961nam0a2200289 i 4500
001 330833
003 RuSpLAN
005 20240216150943.0
008 240216s2021 ru gs 000 0 rus
020 |a 978-5-7882-3101-3 
040 |a RuSpLAN 
041 0 |a rus 
044 |a ru 
080 |a 678.029.43(075) 
084 |a 35.710я7  |2 rubbk 
245 0 0 |a Сварка полиэтиленовых труб фитингами с закладными электронагревателями  |b учебное пособие  |c Кимельблат В. И.,Зиганшина А. С. 
260 |a Казань  |b КНИТУ  |c 2021 
300 |a 96 с. 
504 |a Библиогр.: доступна в карточке книги, на сайте ЭБС Лань 
520 8 |a Содержит новейшие сведения об альтернативном технологическом процессе, реализуемом при сооружении полимерных трубопроводов, – сварке закладными нагревателями. Обобщены результаты российских и зарубежных исследований и разработок, а также технологических экспериментов в области сварки закладными нагревателями. Предназначено для студентов направления подготовки 18.03.01 (18.04.01) «Химическая технология». Подготовлено на кафедре технологий пластических масс. 
521 8 |a Книга из коллекции КНИТУ - Химия 
521 8 |a СЭБ 
100 1 |a Кимельблат В. И. 
700 1 |a Зиганшина А. С. 
856 4 |u https://e.lanbook.com/book/330833 
856 4 8 |u https://e.lanbook.com/img/cover/book/330833.jpg 
953 |a https://e.lanbook.com/img/cover/book/330833.jpg